Ellos me miran: exposición de fotografía y video

Salvato in:
Dettagli Bibliografici
Autori principali: Gacitúa, Claudia (Autore), Maturana, Cristián (Autore), Muñoz, María José (Autore), Zaror, Daniela (Autore)
Altri autori: Navarro Carvacho, Iván (autor), Oyarzún, Bernardo (autor)
Natura: Libro
Lingua:spagnolo
Pubblicazione: Santiago Fundación Gasco 2008
Soggetti:
Tags: Aggiungi Tag
Nessun Tag, puoi essere il primo ad aggiungerne!!

MARC

LEADER 00000nam a2200000 a 4500
001 UCG2409
003 CL-VaPUC
008 100708e20080300CL |||||||||||||||||spa|d
082 0 4 |a 770.983  |b GAC  |2 21 
100 0 |a Gacitúa, Claudia  |e author  |9 550916 
700 0 |a Maturana, Cristián  |e author  |9 550917 
700 0 |a Muñoz, María José  |e author  |9 550918 
700 |a Navarro Carvacho, Iván  |e autor  |9 620828 
700 |a Oyarzún, Bernardo  |e autor  |9 550920 
700 0 |a Zaror, Daniela  |e author  |9 550921 
245 1 0 |a Ellos me miran: exposición de fotografía y video 
300 |a 32 p 
942 |c BK 
945 |d 20100708 00:00:00  |a dcastane 
260 |a Santiago  |b Fundación Gasco  |c 2008 
500 |a Exposición en Sala Gasco Arte Contemporáneo del 18 de marzo al 16 de mayo de 2008 
650 0 |a Artistas chilenos  |9 344566 
650 0 |a Arte contemporáneo chileno  |9 464579 
650 0 |a Fotografía artística  |9 269391 
650 0 |a Fotografías  |9 268494 
583 |a last modification  |c 20100708 00:00:00  |k Rodrigo Vera 
999 |c 341624  |d 341622 
952 |0 0  |1 0  |4 0  |6 770_983000000000000_GAC_2008  |7 0  |8 R  |9 437252  |a BIBART  |b BIBART  |d 2019-11-22  |i 4690109  |l 1  |o 770.983 GAC 2008  |p 4690109  |r 2025-03-13  |s 2022-04-19  |w 2019-11-22  |y BK_R  |k ART 
952 |0 0  |1 0  |4 0  |6 770_983000000000000_GAC_2008  |7 0  |8 R  |9 437253  |a BIBART  |b BIBART  |d 2019-11-22  |i 4690117  |l 2  |o 770.983 GAC 2008  |p 4690117  |r 2025-03-13  |s 2022-11-17  |w 2019-11-22  |y BK_R  |k ART